00706cam a2200193 a 450000100100000000500170001000800410002702000150006804000250008308200130010810000400012124500550016126000690021630000270028549000190031250400530033195201110038499900170049500001450820200929163849.0020318s2001 mx a b 000 0 spa  a9701864875 aDO-SdBNPbspacBNPHU annbA3251 aAlba, Francisco,d1918-1976.93276014aLas migraciones internacionales /cFrancisco Alba. aMéxico :bConsejo Nacional para la Cultura y las Artes,c2001. a63 p. :bil. ;c19 cm.1 aTercer milenio aIncluye referencias bibliográfica. (p. 60-61). 001050718MOaGRbGRcCTd2010-01-13iLF1l0onn A325p14508-10r2020-06-25w2020-06-25y1ZNo se presta c14097d14097